[Event "9th Tabor Open 2013"]
[Site "Tabor CZE"]
[Date "2013.07.31"]
[Round "5.8"]
[White "Toman,Ondrej"]
[Black "Lacina,A"]
[Result "1/2-1/2"]
[WhiteElo "2061"]
[BlackElo "2214"]

1.e4 c5 2.Nf3 Nc6 3.Bb5 d6 4.Bxc6+ bxc6 5.O-O g6 6.d3 Bg7 7.Nc3 Rb8 8.Ne2 Nf6
9.Ng3 O-O 10.c3 h6 11.h3 Kh7 12.Qe2 Qb6 13.Rb1 Be6 14.c4 a5 15.b3 a4 16.Be3 Nd7
17.Nd2 Qa5 18.f4 f5 19.Nf3 axb3 20.axb3 Qa3 21.Qc2 Nb6 22.e5 Nd7 23.Bc1 Qb4
24.Bd2 Qb6 25.Bc3 d5 26.Kh2 Rb7 27.Rfd1 Rfb8 28.Rb2 Qc7 29.Ne2 Nf8 30.Be1 Bf7
31.g3 Ne6 32.Ra1 g5 33.cxd5 cxd5 34.d4 Bg6 35.Ra6 Qc8 36.h4 Rxb3 37.Rxb3 Rxb3
38.Rxe6 Rxf3 39.Rxe7 c4 40.Kg2 g4 41.Qa4 Kg8 42.Nc3 Qb8 43.Qc6 Qb2+ 44.Kg1 Qc1
45.Rxg7+ Kxg7 46.Qf6+ Kh7 47.Qe7+ Kg8  1/2-1/2

[Event "Biel MTO 2013"]
[Site "Biel SUI"]
[Date "2013.08.01"]
[Round "10.8"]
[White "Kurnosov,I"]
[Black "Sebenik,M"]
[Result "1/2-1/2"]
[WhiteElo "2657"]
[BlackElo "2511"]

1.e4 c5 2.Nf3 Nc6 3.Bb5 e6 4.O-O Nge7 5.Re1 a6 6.Bf1 d5 7.exd5 Nxd5 8.d4 Nf6
9.Be3 cxd4 10.Nxd4 Bd7 11.c4 Be7 12.Nc3 Qc7 13.g3 O-O 14.Bf4 Qb6 15.Nb3 Rfd8
16.Bg2 Be8 17.Qe2 Rac8 18.c5 Bxc5 19.Na4 Nd4 20.Nxb6 Nxe2+ 21.Rxe2 Bxb6 22.Bxb7 Bb5
23.Rd2 Rxd2 24.Bxd2 Rc2 25.Rc1 Rxb2 26.Rc8+ Ne8 27.Bc6 Bxc6 28.Rxc6 Bc7 29.Rxa6 Bd6
30.Be3 Kf8 31.Nc5 Rc2 32.Ne4 Ke7 33.a4 Kd7 34.Nxd6 Nxd6 35.Ra7+ Rc7 36.Rxc7+ Kxc7
37.Kg2 Kc6 38.Bd4 f6 39.Kf3 Kd5 40.Bb2 Ne8 41.Ba3 e5 42.Kg4 g6 43.Be7 Ke6
44.Bf8 Kd5 45.Kf3 f5 46.Be7 Nc7 47.Bf6 Ne6 48.Ke3 g5 49.f3 h5 50.a5 f4+ 51.Kf2 g4
52.a6 Kc6 53.Bxe5 fxg3+ 54.Kxg3 gxf3 55.Kxf3 Kb6 56.Kg3 Ng5 57.Kf4 Nf7 58.h4 Kxa6
59.Bg7 Kb6 60.Kf5 Kc6 61.Kg6 Nd6 62.Bf8 Kd7 63.Kf6 Ne4+ 64.Ke5 Nd2 65.Kf4 Ke6
66.Bb4 Nc4 67.Kg5 Ne3 68.Kxh5 Ng2 69.Kg5 Nxh4 70.Kxh4  1/2-1/2

[Event "9th Ribeira Valley Open 2013"]
[Site "Registro BRA"]
[Date "2013.08.01"]
[Round "6.18"]
[White "Souza,R"]
[Black "Silva,Ig"]
[Result "1-0"]
[WhiteElo "2135"]
[BlackElo "1919"]

1.e4 c5 2.Nf3 Nc6 3.Bb5 g6 4.O-O Bg7 5.Re1 e5 6.c3 Nh6 7.d4 cxd4 8.cxd4 Nxd4
9.Nxd4 exd4 10.Bxh6 Bxh6 11.Qxd4 O-O 12.Nc3 a6 13.Bf1 d6 14.Rad1 Bf4 15.e5 Qg5
16.exd6 Rd8 17.Ne4 Qf5 18.Nf6+ Kf8 19.Nxh7+ Kg8 20.Nf6+ Kf8 21.Nd5  1-0

[Event "5th Rethymno Open"]
[Site "Rethymno GRE"]
[Date "2013.08.01"]
[Round "6.18"]
[White "Spathopoulos,Diogenis"]
[Black "Phadke,So1"]
[Result "0-1"]
[WhiteElo "1990"]
[BlackElo "2211"]

1.e4 c5 2.Nf3 Nc6 3.Bb5 e6 4.O-O a6 5.Bxc6 bxc6 6.b3 d5 7.d3 Ne7 8.Bb2 Ng6
9.Re1 f6 10.Nbd2 e5 11.d4 cxd4 12.exd5 cxd5 13.Nxd4 Bc5 14.b4 Bb6 15.c4 O-O
16.c5 Bc7 17.Ne2 Rb8 18.Qb3 Bb7 19.a4 Bc6 20.Nc3 Kh8 21.Rad1 d4 22.Nce4 f5
23.Ng3 Qd7 24.Ra1 Ba5 25.Ba3 Bxb4 26.Bxb4 a5 27.Qd1 Rxb4 28.Nf3 Qd5 29.h4 e4
30.Ng5 e3 31.Nf3 f4 32.Nf1 Rb2 33.fxe3 Rxg2+ 34.Kxg2 Nxh4+ 35.Kh1 Nxf3  0-1

[Event "5th Rethymno Open"]
[Site "Rethymno GRE"]
[Date "2013.08.01"]
[Round "6.6"]
[White "Goumas,G"]
[Black "Kapnisis,S"]
[Result "0-1"]
[WhiteElo "2381"]
[BlackElo "2449"]

1.e4 c5 2.Nf3 Nc6 3.Bb5 d6 4.O-O Bd7 5.c3 Nf6 6.Re1 a6 7.Bf1 Bg4 8.d4 cxd4
9.cxd4 e5 10.d5 Nd4 11.Be3 Nxf3+ 12.gxf3 Bd7 13.a4 Be7 14.Qb3 O-O 15.Qxb7 Nh5
16.Kh1 f5 17.Rc1 Bg5 18.Nd2 Rb8 19.Qc7 f4 20.Ba7 Rxb2 21.Nb1 Qe7 22.Bxa6 Bh4
23.Bb5 Bxf2 24.Bxd7 Qh4 25.Be6+ Kh8 26.Qf7 Ng3+  0-1

[Event "XXII TCh-MKD 2013"]
[Site "Struga MKD"]
[Date "2013.08.01"]
[Round "4.3"]
[White "Veleski,R"]
[Black "Mitkovski,Z"]
[Result "1-0"]
[WhiteElo "2262"]
[BlackElo "2147"]

1.e4 c5 2.Nf3 Nc6 3.Bb5 g6 4.O-O Bg7 5.c3 a6 6.Ba4 b5 7.Bc2 d6 8.a4 Bb7 9.d4 cxd4
10.cxd4 Nf6 11.Nc3 b4 12.Ne2 O-O 13.d5 Na5 14.Ned4 Rb8 15.Bd3 Nd7 16.Re1 Nc5
17.Bg5 h6 18.Be3 Bc8 19.h3 Bd7 20.b3 e5 21.dxe6 fxe6 22.Rc1 e5 23.Ne2 Nxd3
24.Qxd3 Be6 25.Nd2 Kh7 26.Ng3 Rf6 27.Red1 Bf8 28.Rc2 d5 29.exd5 Qxd5 30.Nde4 Qxd3
31.Nxf6+ Kg7 32.Rxd3 Kxf6 33.Ne4+ Kf5 34.Ba7 Ra8 35.Re2 Bxb3 36.Bb6 Bc4 37.Rf3+ Ke6
38.Rf6+ Kd5 39.Rd2+  1-0

[Event "Politiken Cup 2013"]
[Site "Helsingor DEN"]
[Date "2013.08.02"]
[Round "8.69"]
[White "Roggensack,Hans Peter"]
[Black "Halamus,A"]
[Result "1/2-1/2"]
[WhiteElo "1950"]
[BlackElo "2046"]

1.e4 c5 2.Nf3 Nc6 3.Bb5 d6 4.O-O Bd7 5.c4 g6 6.d4 cxd4 7.Nxd4 Bg7 8.Ne2 Nf6
9.Nbc3 Rc8 10.f3 O-O 11.Be3 Ne5 12.Bxd7 Nfxd7 13.b3 Nc5 14.Qd2 Re8 15.Rad1 a5
16.Bd4 a4 17.Bxc5 Rxc5 18.Nxa4 Ra5 19.Qb4 Qa8 20.Nd4 Qa6 21.Nc3 Nc6 22.Nxc6 bxc6
23.Na4 c5 24.Qa3 Rb8 25.Rc1 Rb4 26.Rc2 Bh6 27.Re1 Bg7 28.g3 Bd4+ 29.Kg2 f6
30.Ree2 Kg7 31.Qc1 h5 32.Qd2 Qa8 33.Nc3 Rb6 34.Nb5 Rbxb5 35.cxb5 Rxb5 36.Qd3 Qb8
37.Rc4 e5 38.Ra4 Rb6 39.Qc4 Qb7 40.Rc2 g5 41.Qe6 Ra6 42.Rcc4 Qb5 43.Qe7+ Kg6
44.Rxa6 Qxa6 45.Qe8+ Kg7 46.Qa4 Qb7 47.Qe8 Qa6 48.a4 d5 49.exd5 Qd6  1/2-1/2

[Event "114th US Open"]
[Site "Middleton USA"]
[Date "2013.08.02"]
[Round "7"]
[White "Ivanov,AV USA"]
[Black "Li,Ruifeng"]
[Result "0-1"]
[WhiteElo "2522"]
[BlackElo "2212"]

1.e4 c5 2.Nf3 Nc6 3.Bb5 e6 4.O-O Nge7 5.c3 a6 6.Ba4 b5 7.Bc2 Bb7 8.d4 cxd4
9.Nxd4 e5 10.Nb3 Ng6 11.Be3 d6 12.a4 Be7 13.Na3 bxa4 14.Nd2 O-O 15.Ndc4 Rb8
16.Bxa4 Ba8 17.b4 Nf4 18.g3 Ne6 19.Ra2 f5 20.Bb3 Kh8 21.exf5 Nc7 22.Rd2 Ne8
23.Bc2 Qc7 24.f3 Nd8 25.Re1 Nf7 26.Be4 Bc6 27.Bxc6 Qxc6 28.Rd3 Nf6 29.Na5 Qc7
30.Bf2 d5 31.Nc2 e4 32.fxe4 dxe4 33.Rde3 Ng5 34.Kg2 Rbd8 35.Nd4 Nd5 36.Nac6 Nxe3+
37.Bxe3 Nf3 38.Nxd8 Rxd8 39.Bd2 Nxe1+ 40.Qxe1 Qb7 41.Be3 Bf6 42.Ne6 Rc8 43.Nc5 Qd5
44.Qf1 Bxc3 45.Nxa6 Bd4 46.Bxd4 e3+ 47.Kh3 Qxd4 48.Nc5 Qxb4 49.Ne6 Qe4 50.g4 Rc4  0-1

[Event "16th Olomouc Open"]
[Site "Olomouc CZE"]
[Date "2013.08.02"]
[Round "2.11"]
[White "Maryasin,B"]
[Black "Kleinschroth,R"]
[Result "1-0"]
[WhiteElo "2332"]
[BlackElo "2104"]

1.e4 c5 2.Nf3 Nc6 3.Bb5 g6 4.Bxc6 bxc6 5.O-O Bg7 6.Re1 e5 7.c3 Ne7 8.d4 cxd4
9.cxd4 exd4 10.Nxd4 O-O 11.Nc3 d6 12.Bg5 Bb7 13.Qd2 Re8 14.Rad1 Qc7 15.Bh6 Rad8
16.h4 d5 17.Bxg7 Kxg7 18.h5 Ng8 19.exd5 cxd5 20.Ncb5 Qb8 21.Qc3 Kh6 22.Nc7 Re4
23.f3 Rh4 24.Qe3+ Kg7 25.Qe5+ Kh6 26.g4 f6 27.Qg3 Rc8 28.Qxh4 Qxc7 29.hxg6+  1-0

[Event "9th Tabor Open 2013"]
[Site "Tabor CZE"]
[Date "2013.08.02"]
[Round "7.45"]
[White "Lezak,Petr"]
[Black "Havluj,Z"]
[Result "0-1"]
[WhiteElo "1716"]
[BlackElo "1922"]

1.e4 c5 2.Nf3 Nc6 3.Bb5 e6 4.O-O Nge7 5.c3 d5 6.d3 Qb6 7.Ba4 Bd7 8.Qc2 dxe4
9.dxe4 Ng6 10.Nbd2 Be7 11.Nc4 Qc7 12.Be3 a6 13.Bxc6 Bxc6 14.Rad1 O-O 15.Rd2 b5
16.Na3 Qb7 17.Qd1 Rad8 18.Bg5 Rxd2 19.Qxd2 Bxe4 20.Bxe7 Nxe7 21.Nh4 Qd5 22.Rd1 Qh5
23.Nf3 Bxf3 24.gxf3 Qxf3 25.Nc2 Nd5 26.Ne1 Qg4+ 27.Ng2 f5 28.Re1 Rf6 29.Rxe6 Rxe6
30.Qxd5 Qe4 31.Ne3 Qxd5 32.Nxd5 Re2 33.Nc7 Rxb2 34.Nxa6 c4 35.Nb4 Rb1+ 36.Kg2 Rc1
37.Nd5 Rd1 38.Ne7+ Kf7 39.Nxf5 Kf6 40.Nd4 Rxd4 41.cxd4 c3  0-1

[Event "7th Wasselonne Open"]
[Site "Wasselonne FRA"]
[Date "2013.08.02"]
[Round "4.4"]
[White "Grimberg,B"]
[Black "Barbaras,M"]
[Result "1/2-1/2"]
[WhiteElo "2369"]
[BlackElo "2106"]

1.e4 c5 2.Nf3 Nc6 3.Bb5 e6 4.Bxc6 bxc6 5.d3 Ne7 6.O-O f6 7.a3 Ng6 8.Qe1 e5
9.b4 d5 10.bxc5 d4 11.Qb4 Bg4 12.Nbd2 Rb8 13.Qa4 Qd7 14.h3 Bxh3 15.gxh3 Qxh3
16.Qxc6+ Kd8 17.Qd5+ Kc7 18.c6 Bd6 19.Nc4 Rhd8 20.Qa5+ Kxc6 21.Qa6+ Kd7 22.Nxd6 Qxf3
23.Nf5 Ke8 24.Qxa7 Qg4+ 25.Kh2 Rbc8 26.Rb1 Rd7 27.Qa4 Nh4 28.Nxh4  1/2-1/2

[Event "Arad Open 2013"]
[Site "Arad ROU"]
[Date "2013.08.03"]
[Round "1.1"]
[White "Sedlak,N"]
[Black "Kun,J"]
[Result "1-0"]
[WhiteElo "2586"]
[BlackElo "1869"]

1.e4 c5 2.Nf3 Nc6 3.Bb5 Qc7 4.Nc3 e6 5.O-O Nge7 6.Re1 a6 7.Bxc6 bxc6 8.b3 Bb7
9.Ba3 Ng6 10.e5 Be7 11.Na4 Qa5 12.d4 c4 13.Bxe7 Nxe7 14.Nc5 Rb8 15.Nd2 Qc7
16.Nxc4 O-O 17.Nd6 Nc8 18.Ncxb7 Rxb7 19.Nxb7 Qxb7 20.c4 d6 21.Qd2 d5 22.cxd5 cxd5
23.Rec1 Ne7 24.Rc5 Nf5 25.Rac1 h5 26.g3 Qa7 27.h3 Qd7 28.R1c3 f6 29.exf6 Rxf6
30.Qg5 Qa7 31.Qxh5 Nxd4 32.Rc8+ Rf8 33.Rxf8+ Kxf8 34.Rc8+ Ke7 35.Kg2 Nf5
36.g4 Nd6 37.Rg8 Qd4 38.Qg6 Qe4+ 39.Qxe4 Nxe4 40.Rxg7+ Kf6 41.Ra7 d4 42.Kf3 Ke5
43.Rxa6 Ng5+ 44.Ke2 Ke4 45.h4 d3+ 46.Kd1  1-0

[Event "Arad Open 2013"]
[Site "Arad ROU"]
[Date "2013.08.03"]
[Round "1.19"]
[White "Horvath,Zs"]
[Black "Moldovan,Rares"]
[Result "1-0"]
[WhiteElo "2397"]
[BlackElo "1821"]

1.e4 c5 2.Nf3 Nc6 3.Bb5 g6 4.O-O Bg7 5.Re1 Nh6 6.c3 O-O 7.h3 f6 8.d4 cxd4
9.cxd4 Nf7 10.Nc3 a6 11.Bf1 b5 12.a4 b4 13.Nd5 a5 14.Bf4 d6 15.Rc1 Bb7 16.Bb5 Rc8
17.Be3 Na7 18.Qb3 Nxb5 19.axb5 Bxd5 20.Qxd5 Rb8 21.Rc6 Qd7 22.Rec1 e6 23.Qc4 Nd8
24.d5 Nxc6 25.dxc6 d5 26.exd5 Qxd5 27.Qxd5 exd5 28.c7 Rxb5 29.c8=Q Rxc8 30.Rxc8+ Bf8
31.Bh6  1-0

[Event "9th Gazi 2013"]
[Site "Gazi GRE"]
[Date "2013.08.03"]
[Round "9"]
[White "Tsilidis,A"]
[Black "Klokas,K"]
[Result "1-0"]
[WhiteElo "2254"]
[BlackElo "2132"]

1.e4 c5 2.Nf3 Nc6 3.Bb5 Nf6 4.e5 Nd5 5.Nc3 Nc7 6.Bxc6 dxc6 7.Ne4 Qd5 8.Nc3 Qd8
9.h3 Bf5 10.d3 Qd7 11.Be3 b6 12.d4 cxd4 13.Nxd4 Bg6 14.Qf3 Nd5 15.Nxc6 Nxc3
16.bxc3 Rc8 17.Nd4 Qc7 18.Nb5 Qxe5 19.Qb7 Bf5 20.a4 Qb8 21.Qxa7 Qxa7 22.Nxa7 Rxc3
23.Bxb6 e5 24.O-O Bc5 25.Nb5 Bxb6 26.Nxc3 Bd4 27.Nb5 Bxa1 28.Nd6+ Kd7 29.Nxf5 Bc3
30.Rd1+ Kc6 31.Ne7+ Kc5 32.Rd7 Bd4 33.Nf5 g6 34.Nxd4 exd4 35.Kf1 f5 36.Ke2 Ra8
37.Rxh7 Rxa4 38.Rh6 Ra6 39.h4 Kc4 40.Kd2 f4 41.h5 Ra5 42.hxg6 Rg5 43.Rh4 Rxg2
44.Rxf4 Rxg6 45.c3 Rd6 46.cxd4 Rxd4+ 47.Ke3  1-0

[Event "Politiken Cup 2013"]
[Site "Helsingor DEN"]
[Date "2013.08.03"]
[Round "9.35"]
[White "Englert,F"]
[Black "Eriksson,C"]
[Result "1-0"]
[WhiteElo "2282"]
[BlackElo "2143"]

1.e4 c5 2.Nf3 Nc6 3.Bb5 g6 4.O-O Bg7 5.c3 e5 6.d4 cxd4 7.cxd4 exd4 8.Bf4 Nge7
9.Bd6 O-O 10.Nbd2 a6 11.Bd3 b6 12.a4 Bb7 13.Qb3 Na5 14.Qa3 Nc8 15.Bxf8 Qxf8
16.Qa2 Nc6 17.Qb1 Nb4 18.Re1 Nxd3 19.Qxd3 Qb4 20.e5 Bh6 21.Ne4 Bxe4 22.Qxe4 Rb8
23.Rad1 Ne7 24.Rxd4 Qxb2 25.Rxd7 Re8 26.Qb7 Bf8 27.Qxa6 Nf5 28.Qb5 Qc3 29.Rc7 Qxc7
30.Qxe8 Kg7 31.e6 Bb4 32.exf7  1-0

[Event "5th Rethymno Open"]
[Site "Rethymno GRE"]
[Date "2013.08.03"]
[Round "8.3"]
[White "Ankit,R"]
[Black "Ashwin,J"]
[Result "1-0"]
[WhiteElo "2421"]
[BlackElo "2470"]

1.e4 c5 2.Nf3 Nc6 3.Bb5 Nf6 4.Bxc6 dxc6 5.d3 Qc7 6.h3 e5 7.Nbd2 b5 8.O-O Bd6
9.Nb3 O-O 10.Qe2 a5 11.a4 Be6 12.Nbd2 Nh5 13.Nb1 h6 14.axb5 cxb5 15.Nc3 Rab8
16.Nxe5 Bxe5 17.Qxh5 c4 18.d4 Bxd4 19.Nxb5 Qd7 20.Nxd4 Qxd4 21.Re1 Ra8 22.Rxa5 Rxa5
23.Qxa5 Rc8 24.Qb4 Qe5 25.Bd2 Rb8 26.Bc3 Qf4 27.Qa5 Re8 28.Qb6 Ra8 29.Qd4 f6
30.Qb6 Bf7 31.Qe3 Qxe3 32.Rxe3 Ra1+ 33.Kh2 Rc1 34.Re2 Be8 35.e5 fxe5 36.Rxe5 Bf7
37.Re2 Bg6 38.Rd2 Kf8 39.Rd8+ Be8 40.Kg3 Rxc2 41.Rc8 Re2 42.Rxc4 g5 43.Rc7 h5
44.f3 Bf7 45.Rc8+ Ke7 46.Rc5 g4 47.fxg4 hxg4 48.Re5+ Rxe5 49.Bxe5 gxh3 50.gxh3 Ke6
51.Kf4 Kd5 52.h4 Be8 53.Bc3 Ke6 54.Kg5 Ba4 55.b4 Bb5 56.h5 Bd3 57.h6 Bc2
58.b5 Kd5 59.b6 Kc6 60.Bd4  1-0

[Event "Arad Open 2013"]
[Site "Arad ROU"]
[Date "2013.08.04"]
[Round "3.10"]
[White "Markovich,G"]
[Black "Abramovic,B"]
[Result "0-1"]
[WhiteElo "2189"]
[BlackElo "2429"]

1.e4 c5 2.Nf3 Nc6 3.Bb5 g6 4.Bxc6 dxc6 5.d3 Bg7 6.h3 b6 7.Nc3 f6 8.Be3 Nh6
9.Qd2 Nf7 10.Nh2 e5 11.f4 exf4 12.Bxf4 Be6 13.O-O-O Qd7 14.Nf3 O-O 15.Rhe1 Rfe8
16.Qf2 Rad8 17.d4 cxd4 18.Nxd4 Qc8 19.Nxe6 Qxe6 20.Rxd8 Rxd8 21.Rd1 Rxd1+
22.Kxd1 f5 23.exf5 Qxf5 24.g4 Qe6 25.Bd2 Nd6 26.b3 h5 27.Qe2 Qxe2+ 28.Kxe2 hxg4
29.hxg4 Kf7 30.Kd3 Bxc3 31.Bxc3 Ke6 32.Be1 Nf7 33.Ke4 Ne5 34.g5 Nf7 35.Bd2 Nd6+
36.Kf4 b5 37.Bb4 Nf7 38.Bc3 c5 39.Bf6 Kd5 40.a3 Nd6 41.Bc3 Nf5 42.Bb2 c4
43.bxc4+ bxc4 44.c3 Ng7 45.Bc1 Ne6+ 46.Kf3 a6 47.Bf4 Nc5 48.Bd2  0-1

[Event "Arad Open 2013"]
[Site "Arad ROU"]
[Date "2013.08.04"]
[Round "3.4"]
[White "Stojanovic,Da"]
[Black "Posedaru,B"]
[Result "1/2-1/2"]
[WhiteElo "2514"]
[BlackElo "2272"]

1.e4 c5 2.Nf3 Nc6 3.Bb5 d6 4.Bxc6+ bxc6 5.O-O g6 6.d4 cxd4 7.Qxd4 e5 8.Qd3 Qb6
9.Be3 Qxb2 10.Nbd2 Qb8 11.Nc4 Be7 12.Rfd1 Nf6 13.Bh6 Ng4 14.Bd2 Be6 15.Rab1 Qc7
16.Ba5 Bxc4 17.Qxc4 Qc8 18.Bb4 c5 19.Bd2 O-O 20.Bg5 Bxg5 21.Nxg5 Rb8 22.Rb3 Rb4
23.Rxb4 cxb4 24.Qxc8 Rxc8 25.h3 h6 26.hxg4 hxg5 27.Rxd6 Rxc2 28.Ra6 Rc1+
29.Kh2 Ra1 30.Rxa7 b3 31.Rb7 bxa2 32.Ra7 Re1 33.Rxa2 Rxe4 34.f3 Rb4 35.Kg3 e4
36.Ra8+ Kg7 37.Re8 exf3 38.gxf3  1/2-1/2

[Event "FSFMB August 2013"]
[Site "Budapest HUN"]
[Date "2013.08.04"]
[Round "2.1"]
[White "Altman,Joshua"]
[Black "Fredholm,Lisa"]
[Result "0-1"]
[WhiteElo "1614"]
[BlackElo "1657"]

1.e4 c5 2.Nf3 Nc6 3.Bb5 e6 4.O-O Nge7 5.Re1 a6 6.Bf1 Ng6 7.c3 e5 8.g3 Be7
9.h4 Bf6 10.Na3 O-O 11.Nc2 d5 12.exd5 Qxd5 13.Ne3 Qd8 14.b3 b5 15.Bg2 Bb7
16.Ng4 Re8 17.h5 Nf8 18.h6 Ng6 19.Nxf6+ Qxf6 20.hxg7 Kxg7 21.a4 b4 22.Bb2 bxc3
23.dxc3 Rad8 24.Qe2 Qe6 25.c4 f6 26.Rad1 Qc8 27.Rxd8 Rxd8 28.Rd1 Nd4 29.Nxd4 cxd4
30.Be4 Qa8 31.Bxb7 Qxb7 32.Rd3 h5 33.f3 h4 34.Rd2 hxg3 35.Qg2 Kf7 36.Qxg3 Qxb3
37.Qh3 Qe3+ 38.Rf2 Qg5+ 39.Rg2 Qh4 40.Qf5 Qe1+ 41.Kh2 Rh8+  0-1

[Event "5th Rethymno Open"]
[Site "Rethymno GRE"]
[Date "2013.08.04"]
[Round "9.4"]
[White "Kapnisis,S"]
[Black "Pap,M"]
[Result "1-0"]
[WhiteElo "2449"]
[BlackElo "2489"]

1.e4 c5 2.Nf3 Nc6 3.Bb5 g6 4.Bxc6 dxc6 5.d3 Bg7 6.h3 e5 7.O-O Qe7 8.a3 Nf6
9.Nbd2 O-O 10.b4 Rd8 11.bxc5 Qxc5 12.a4 Qe7 13.a5 Nh5 14.Nc4 f6 15.Be3 Be6
16.Nfd2 Nf4 17.Rb1 Rd7 18.Rb2 c5 19.Qf3 g5 20.Rfb1 Rc8 21.Na3 Bf8 22.Nb5 Qg7
23.Bxf4 exf4 24.Nc4 Ra8 25.Nc3 Rad8 26.e5 Rb8 27.exf6 Qxf6 28.Ne4 Qg7 29.Rb5 Rc7
30.Ned6 Qd7 31.Ne4 Qg7 32.Ncd6 Kh8 33.Qh5 Rd7 34.Ne8 Qf7 35.Qxf7 Bxf7 36.N8f6 Rc7
37.Nxg5 Bg8 38.Nxg8 Kxg8 39.Ne6 Rc6 40.Nxf4 Rf6 41.Nd5 Rf7 42.g3 Rd8 43.Nf4 c4
44.Rxb7 cxd3 45.cxd3  1-0

[Event "XXII TCh-MKD 2013"]
[Site "Struga MKD"]
[Date "2013.08.04"]
[Round "7.6"]
[White "Organdziev,O"]
[Black "Semsiu,Agim"]
[Result "1-0"]
[WhiteElo "2291"]
[BlackElo "2019"]

1.e4 c5 2.Nf3 Nc6 3.Bb5 d6 4.O-O e5 5.c3 Bg4 6.h3 Bh5 7.d3 Nf6 8.Bg5 Be7
9.Nbd2 O-O 10.Re1 h6 11.Bxf6 Bxf6 12.Nf1 Qb6 13.Bxc6 bxc6 14.g4 Bg6 15.b3 Rfe8
16.Ng3 a5 17.a4 d5 18.c4 d4 19.Kg2 Rab8 20.Rb1 Qd8 21.Rh1 Bh4 22.Re1 Bg5
23.Nf5 Bxf5 24.exf5 Bf4 25.Re4 Re7 26.f6 gxf6 27.Nh4 Reb7 28.Nf5 Rb4 29.Rxf4 exf4
30.Qf3 Rxb3 31.Re1 Rb1 32.Re4 Rc1 33.Qxf4  1-0

[Event "9th Tabor Open 2013"]
[Site "Tabor CZE"]
[Date "2013.08.04"]
[Round "9.11"]
[White "Westerinen,H"]
[Black "Hlavac,R"]
[Result "1/2-1/2"]
[WhiteElo "2286"]
[BlackElo "1997"]

1.e4 c5 2.Nf3 Nc6 3.Bb5 g6 4.O-O Bg7 5.c3 Nf6 6.e5 Nd5 7.d4 cxd4 8.cxd4 O-O
9.Nc3 Nc7 10.Bf4 Nxb5 11.Nxb5 a6 12.Nc3 d6 13.h3 dxe5 14.dxe5 Qa5 15.Qa4 Qxa4
16.Nxa4 b5 17.Nc5 g5 18.Bxg5 Nxe5 19.Nxe5 Bxe5 20.Rae1 Bxb2 21.Bxe7 Re8 22.Bg5 Rxe1
23.Rxe1 Bf5 24.g4 Bg6 25.Nd7 Kg7 26.f4 h6 27.Bh4 Bd3 28.Ne5 Bxe5 29.fxe5 Bc4
30.a3 Be6 31.Rc1 Rc8  1/2-1/2

[Event "I Vecindario GM"]
[Site "Vecindario ESP"]
[Date "2013.08.04"]
[Round "6.2"]
[White "Tatai,S"]
[Black "Bressac,S"]
[Result "1/2-1/2"]
[WhiteElo "2365"]
[BlackElo "2231"]

1.e4 c5 2.Nf3 Nc6 3.Bb5 e6 4.O-O Nge7 5.Re1 Qb6 6.c4 Ng6 7.Nc3 Be7 8.d3 O-O
9.Be3 Nd4 10.b4 Nxf3+ 11.Qxf3 Qc7 12.bxc5 Bxc5 13.Bxc5 Qxc5 14.Qe3 Qxe3 15.Rxe3 d6
16.Rb1 Rd8 17.Ba4 Kf8 18.g3 Ne5 19.f4 Nc6 20.Kf2 Ke7 21.Re2 Na5 22.Reb2 b6
23.Ke3 Bd7 24.Bb5 g6 25.Ne2 Rac8 26.Nd4 Rc5 27.Bxd7  1/2-1/2

[Event "Chinese Teams 2013"]
[Site "Wuxi CHN"]
[Date "2013.08.04"]
[Round "9.2"]
[White "Ding Yixin"]
[Black "Hong,Xing"]
[Result "1-0"]
[WhiteElo "2421"]
[BlackElo "1929"]

1.e4 c5 2.Nf3 Nc6 3.Bb5 g6 4.O-O Bg7 5.Re1 e5 6.Bxc6 dxc6 7.d3 Qe7 8.a4 Nf6
9.a5 Nd7 10.Nbd2 Nf8 11.Nc4 Bg4 12.h3 Bxf3 13.Qxf3 Ne6 14.Be3 O-O 15.Qg3 Qc7
16.f3 Rfd8 17.Qf2 Bf8 18.g3 b5 19.axb6 axb6 20.f4 exf4 21.gxf4 b5 22.Nd2 Qb7
23.Nf3 Bg7 24.Rxa8 Qxa8 25.f5 Nd4 26.Nh2 gxf5 27.exf5 Rd5 28.Qg2 Nxf5 29.Ng4 Kh8
30.Bg5 Nd4 31.h4 Rf5 32.Qe4 Qg8 33.Kh1 h5 34.c3 hxg4 35.cxd4 Rf2 36.Qxc6 g3
37.dxc5 Kh7 38.Kg1 Qb8 39.Re8 Qa7 40.Ra8 Re2 41.Rxa7 Bd4+ 42.Kf1  1-0

[Event "XX Feria de las Flores 2013"]
[Site "Medellin COL"]
[Date "2013.08.05"]
[Round "4.24"]
[White "Castro,Jai"]
[Black "Munoz,Farid"]
[Result "0-1"]
[WhiteElo "1913"]
[BlackElo "2159"]

1.e4 c5 2.Nf3 Nc6 3.Bb5 Na5 4.c3 a6 5.Ba4 b5 6.Bc2 Bb7 7.d3 e6 8.Bf4 Ne7
9.O-O Ng6 10.Bg3 h5 11.h4  0-1

[Event "XX Feria de las Flores 2013"]
[Site "Medellin COL"]
[Date "2013.08.05"]
[Round "5.20"]
[White "Herrera,Jua"]
[Black "Lizarazo,J"]
[Result "1/2-1/2"]
[WhiteElo "2244"]
[BlackElo "2084"]

1.e4 c5 2.Nf3 Nc6 3.Bb5 Qb6 4.Nc3 e6 5.O-O a6 6.Bxc6 Qxc6 7.d4 cxd4 8.Nxd4 Qc7
9.a4 Nf6 10.a5 Bb4 11.Nb3 O-O 12.Qf3 d5 13.exd5 Bxc3 14.d6 Qxd6 15.bxc3 Re8
16.Rd1 Qc7 17.Bf4 e5 18.Bg5 e4 19.Qg3 Qxg3 20.hxg3 Bg4 21.Rd4 Rac8 22.Bxf6 gxf6
23.Nd2 Bf5 24.Nc4 Rc5 25.Rb1 Re7 26.Ne3 Be6 27.Rxe4 Rxa5 28.Reb4 b5 29.Rd1 Kg7
30.c4 bxc4 31.Nxc4 Bxc4 32.Rxc4 Ree5 33.g4 Rac5 34.Ra4 Rxc2 35.Rxa6 Ree2
36.Rf1  1/2-1/2

[Event "XX Feria de las Flores 2013"]
[Site "Medellin COL"]
[Date "2013.08.05"]
[Round "5.2"]
[White "Gonzalez Vidal,Y"]
[Black "Fernandez Cardoso,A"]
[Result "1-0"]
[WhiteElo "2520"]
[BlackElo "2459"]

1.e4 c5 2.Nf3 Nc6 3.Bb5 e6 4.Bxc6 bxc6 5.b3 Ne7 6.Bb2 Ng6 7.h4 h5 8.e5 Be7
9.Nc3 f5 10.d3 Qa5 11.Qe2 Nf4 12.Qd2 Nxg2+ 13.Ke2 Qb4 14.Rag1 Qg4 15.Bc1 g5
16.hxg5 h4 17.Rh2 h3 18.Rgxg2 hxg2 19.Rxh8+ Bf8 20.Qe1  1-0

[Event "Arad Open 2013"]
[Site "Arad ROU"]
[Date "2013.08.06"]
[Round "6.6"]
[White "Petenyi,T"]
[Black "Bonte,An"]
[Result "1/2-1/2"]
[WhiteElo "2480"]
[BlackElo "2270"]

1.e4 c5 2.Nf3 Nc6 3.Bb5 g6 4.Bxc6 bxc6 5.O-O Bg7 6.Re1 f6 7.d4 cxd4 8.Qxd4 Qb6
9.Qd3 Nh6 10.c4 O-O 11.Nc3 Nf7 12.b3 d6 13.h3 Re8 14.Be3 c5 15.Rad1 Qc6 16.Bc1 Bb7
17.Bb2  1/2-1/2

[Event "FSFMB August 2013"]
[Site "Budapest HUN"]
[Date "2013.08.06"]
[Round "4.2"]
[White "Lukacs,Albert"]
[Black "Fredholm,Lisa"]
[Result "1-0"]
[WhiteElo "1917"]
[BlackElo "1657"]

1.e4 c5 2.Nf3 Nc6 3.Bb5 e6 4.Bxc6 bxc6 5.O-O d5 6.Qe2 Be7 7.d3 Nf6 8.Ne5 Qb6
9.Nc3 O-O 10.Bg5 Re8 11.b3 h6 12.Na4 Qa6 13.Bh4 c4 14.Qf3 cxd3 15.cxd3 Qb5
16.Rfe1 dxe4 17.Rxe4 Bb7 18.Nc3 Qa5 19.b4 Qa3 20.Rc4 Ba6 21.Nxc6 Bxc4 22.Nxe7+ Rxe7
23.Bxf6 gxf6 24.Qxa8+ Kg7 25.dxc4 Qxc3 26.Rd1 Qxc4 27.a3 Qb3 28.Qd8 Rc7 29.h4 Qc3
30.Rd3 Qe1+ 31.Kh2 Qe5+ 32.Rg3+  1-0

[Event "XI Miguel Najdorf Open A 2013"]
[Site "Warsaw POL"]
[Date "2013.08.06"]
[Round "2.16"]
[White "Rozycki,B"]
[Black "Alvarado,C"]
[Result "0-1"]
[WhiteElo "2041"]
[BlackElo "2203"]

1.e4 c5 2.Nf3 Nc6 3.Bb5 Nf6 4.e5 Nd5 5.O-O Nc7 6.Bxc6 dxc6 7.d3 Bf5 8.Nh4 e6
9.Nxf5 exf5 10.Nd2 Ne6 11.Nc4 Qc7 12.f4 h5 13.a4 Be7 14.a5 g6 15.Be3 Kf8
16.Qf3 Kg7 17.g3 b5 18.axb6 axb6 19.h3 b5 20.Nd2 Qd7 21.Nb3 Qd5 22.Kf2 Rhc8
23.h4 c4 24.Rxa8 Rxa8 25.Ra1 Rxa1 26.Nxa1 b4 27.dxc4 Qxc4 28.Qe2 Qa2 29.Nb3 Qxb2
30.Qc4 c5 31.Ke2 Qa2 32.Bf2 Qa7 33.Kd2 Qc7 34.Kd3 Qc6 35.Ke2 Kg8 36.Na5 Qg2
37.Nb3 Kg7 38.Qd3 Bxh4 39.Qf3 Qxf3+ 40.Kxf3 Be7 41.Ke2 h4 42.Kd3 h3 43.Bg1 Kh6
44.Ke2 c4  0-1

[Event "Arad Open 2013"]
[Site "Arad ROU"]
[Date "2013.08.07"]
[Round "7.1"]
[White "Sedlak,N"]
[Black "Shishkin,Va UKR"]
[Result "1/2-1/2"]
[WhiteElo "2586"]
[BlackElo "2508"]

1.e4 c5 2.Nf3 Nc6 3.Bb5 g6 4.O-O Bg7 5.Re1 Nf6 6.Bxc6 dxc6 7.d3 O-O 8.Bf4 Nh5
9.Be5 Bg4 10.Bxg7 Nxg7 11.Nbd2 e5 12.h3 Bxf3 13.Nxf3 f6 14.a3 Ne6 15.b4 cxb4
16.axb4 a6 17.c3 Qd7 18.d4 exd4 19.cxd4 Rad8 20.Qb3 Qf7 21.Qb2 Rd7 22.Rad1 Rfd8
23.Rd2 Nc7 24.Nh2 h5 25.Nf3 Re7 26.Rde2 Rde8 27.Qd2 Ne6 28.d5 cxd5 29.exd5 Nf8
30.Rxe7 Rxe7 31.Rd1 Rd7 32.Qd4 Rd6 33.Nh2 Kg7 34.Nf1 Ne6 35.Qd2 Nc7 36.Ne3 Nb5
37.g4 hxg4 38.Nxg4 f5 39.Qh6+ Kg8 40.Rc1 Qf8 41.Qxf8+ Kxf8 42.Ne3 f4 43.Ng2 Rxd5
44.Nxf4 Rd6  1/2-1/2

[Event "22nd Kavala Open 2013"]
[Site "Kavala GRE"]
[Date "2013.08.07"]
[Round "3.16"]
[White "Theodoulidis,T"]
[Black "Kourousis,E"]
[Result "1/2-1/2"]
[WhiteElo "2107"]
[BlackElo "2388"]

1.e4 c5 2.Nf3 Nc6 3.Bb5 e6 4.Bxc6 bxc6 5.b3 Ne7 6.O-O Ng6 7.Bb2 f6 8.e5 Be7
9.d3 O-O 10.Nbd2 fxe5 11.Nxe5 Nxe5 12.Bxe5 d6 13.Bb2 e5 14.Qe2 Bg5 15.Ne4 Be6
16.Rae1 Bf4 17.Bc1 Bxc1 18.Rxc1 Qe7 19.Rce1 Rae8 20.Qe3 Rf4 21.Ng3 g5 22.Ne4 Ref8
23.f3 h6 24.Ng3 Qf7 25.Ne4 Qd7 26.Ng3 Bd5 27.Ne2 R4f6 28.Nc3 Rg6 29.Nxd5 cxd5
30.c4 Rf4 31.g3 Rd4 32.Rc1 Qf5 33.cxd5 Rxd3 34.Qe2 Rxd5 35.Qb5 Rd2 36.Qb8+ Kh7
37.Qxa7+ Rg7 38.Qa5 Qd3 39.Qa4 d5 40.Qg4 Rxa2 41.Rcd1 Qe3+ 42.Kh1 Re7 43.Rxd5 Qe2
44.Qe4+ Kg7 45.Qxe2 Rxe2 46.Kg1 Rc2 47.Rf2 Rc3 48.Kg2 h5 49.Re2 Kf6 50.Rd6+ Re6
51.Rxe6+ Kxe6 52.f4 gxf4 53.gxf4 Kf5 54.Rxe5+ Kxf4 55.Rxh5 Kg4 56.Rd5 Rxb3
57.Rxc5 Rb2+  1/2-1/2